| 000 | 01264cam a2200361Ia 4500 | ||
|---|---|---|---|
| 999 |
_c39004 _d39004 |
||
| 003 | BJBSDDR | ||
| 005 | 20230410105540.0 | ||
| 007 | ta | ||
| 008 | 040319s2003 mx a b 001 0 spa d | ||
| 020 | _a9685087601 | ||
| 020 | _a9789685087605 | ||
| 029 | 0 |
_aPL# _b9685087601 |
|
| 029 | 1 |
_aNLGGC _b300315740 |
|
| 035 | _a(OCoLC)ocm54835430 | ||
| 035 | _a(OCoLC)54835430 | ||
| 040 |
_aPL# _cPL# _bspa |
||
| 041 | _aspa | ||
| 043 | _an-mx--- | ||
| 050 | 1 | 4 |
_aHC 135 _bU54c 2003 |
| 100 | 1 | _aUnda Gutiérrez, Mónica | |
| 245 | 1 | 0 |
_aCompendio de política económica de México, 1980-2000 / _cMónica Unda Gutiérrez. |
| 260 |
_aTlaquepaque, Jalisco, Mexico : _bInstituto Tecnológico y de Estudios Superiores de Occidente (ITESO) : _bConsejo Estatal de Ciencia y Tecnología (COECYT), _cc2003. |
||
| 300 |
_a196 p. : _bill. ; _c22 cm. |
||
| 504 | _aIncludes bibliographical references and index. | ||
| 651 | 0 |
_aMexico _xEconomic policy _y1970-1994. |
|
| 651 | 4 |
_aMexico _xEconomic policy _y1994- |
|
| 651 | 4 |
_aMéxico _xPolítica económica _y1970- _99686 |
|
| 651 | 0 |
_aMexico _xPolitics and government _y1970-1988. |
|
| 651 | 0 |
_aMexico _xPolitics and government _y1988- |
|
| 651 | 4 |
_aMéxico _xPolítica y gobierno _94571 |
|
| 942 |
_2lcc _cBK |
||
| 946 | _amm | ||